000 00209nam a22000977a 4500
999 _c67186
_d67183
082 _a621.4021MOR
100 _aMoran,M.J
245 _aFundamentals Of Engineering Thermodynamics
300 _a1004p
942 _cBK